| 000 | 00555nam a22001815i 4500 | ||
|---|---|---|---|
| 001 | 98918 | ||
| 003 | ES-MaACL | ||
| 005 | 20230906182414.0 | ||
| 007 | t| | ||
| 008 | 950918s1891 sp ||||1| spa d | ||
| 040 |
_aCAM _bspa _cCAM |
||
| 100 | 1 |
_aEchegaray, José, _d1832-1916 _946526 |
|
| 245 | 1 | 0 |
_aSiempre en ridículo _b: drama en tres actos y en prosa / _cpor José Echegaray. |
| 260 |
_aMadrid : _bFlorencio Fiscowich, _c1891 ( _fImpr. de José Rodríguez) |
||
| 300 |
_a123 p. ; _c20 cm. |
||
| 852 |
_aES-MaACL _jB-3098(5) |
||
| 999 |
_c98918 _d98918 |
||